Ultimas tardes con Teresa

Guardat en:
Dades bibliogràfiques
Autor principal: Marsé, Juan (autor)
Format: Llibre
Idioma:espanyol
Publicat: Barcelona Seix Barral 1982
Edició:9a. ed
Col·lecció:Biblioteca Breve Seix Barral, 232
Matèries:
Etiquetes: Afegir etiqueta
Sense etiquetes, Sigues el primer a etiquetar aquest registre!

MARC

LEADER 00000nam a2200000 a 4500
001 UCQ6074
003 CL-VaPUC
008 981009e19820000SP |||||||||||||||||spa|d
082 0 4 |a 863  |b MAR  |2 21 
100 |a Marsé, Juan  |e autor  |9 453927 
245 1 0 |a Ultimas tardes con Teresa 
250 |a 9a. ed 
300 |a 334 p 
942 |c BK 
945 |d 19981009 00:00:00  |a lriquelm 
260 |a Barcelona  |b Seix Barral  |c 1982 
650 0 |a Novelas españolas  |9 265052 
650 0 |a Literatura española  |9 306261 
583 |a last modification  |c 19981009 00:00:00  |k Rodrigo Vera 
490 0 |a Biblioteca Breve Seix Barral, 232 
999 |c 276077  |d 276075 
952 |0 0  |1 0  |4 0  |6 863_000000000000000_MAR_1982  |7 0  |8 R  |9 313204  |a BIBEDU  |b BIBEDU  |c MCIRC  |d 2019-11-20  |i 147801K  |o 863 MAR 1982  |p 147801K  |r 2023-01-13  |w 2019-11-20  |y BK_R  |k LIT